LEADER 01359cam--2200397---450- 001 990000502410203316 005 20110301092417.0 010 $a88-14-08596-X 035 $a0050241 035 $aUSA010050241 035 $a(ALEPH)000050241USA01 035 $a0050241 100 $a20010611d2001----km-y0itay0103----ba 101 $aita 102 $aIT 105 $a||||||||001yy 200 1 $aGrafologia giudiziaria e psicopatologia forense$emetodologia di indagine nel falso grafico e la capacità di intendere e di volere dalla grafia$egiurisprudenza$fVincenzo Mastronardi, Sante A.Bidoli, Monica Calderaro 210 $aMilano$cA.Giuffré$dcopyr.2001 215 $aXI, 238 p.$d24 cm 606 0 $aPerizie grafiche 606 0 $aPsichiatria forense 676 $a363.2565 700 1$aMASTRONARDI,$bVincenzo$0526433 701 1$aBIDOLI,$bSante A.$0545787 701 1$aCALDERARO,$bMonica$0545788 912 $a990000502410203316 951 $aXXVI.1.E. 157$b28358 G.$cXXVI.1.E.$d00071103 959 $aBK 969 $aGIU 979 $aPAOLA$b40$c20010611$lUSA01$h1324 979 $c20020403$lUSA01$h1659 979 $aPATRY$b90$c20040406$lUSA01$h1635 979 $aRSIAV5$b90$c20090519$lUSA01$h1424 979 $aFIORELLA$b90$c20110301$lUSA01$h0924 996 $aGrafologia giudiziaria e psicopatologia forense$9887328 997 $aUNISA LEADER 01473nas 2200409-a 450 001 996280815203316 005 20190718060808.4 035 $a(OCoLC)44169491 035 $a(CKB)991042749742724 035 $a(CONSER)---00242107- 035 $a(EXLCZ)99991042749742724 100 $a20000602a19899999 s-- - 101 0 $aeng 135 $aurcn||||||||| 181 $ctxt$2rdacontent 182 $cc$2rdamedia 183 $acr$2rdacarrier 200 10$aProceedings /$fAnnual Conference on Intelligent Robotic Systems for Space Exploration ; sponsored by NASA Center for Intelligent Robotic Systems for Space Exploration 210 $aLos Alamitos, Calif. $cIEEE Computer Society Press 311 $a1063-7117 531 $aCONFERENCE ON INTELLIGENT ROBOTIC SYSTEMS FOR SPACE EXPLORATION 606 $aSpace robotics$vCongresses 606 $aExploration of outer space$2fast$3(OCoLC)fst01353078 606 $aSpace robotics$2fast$3(OCoLC)fst01127806 607 $aOuter space$xExploration$vCongresses 607 $aOuter space$2fast 608 $aPeriodicals.$2fast 608 $aConference papers and proceedings.$2fast 615 0$aSpace robotics 615 7$aExploration of outer space. 615 7$aSpace robotics. 712 02$aIEEE Computer Society. 712 02$aNASA Center for Intelligent Robotic Systems for Space Exploration. 906 $aCONFERENCE 912 $a996280815203316 996 $aProceedings$957126 997 $aUNISA